00856cam a22002291 450000100060000000300080000600500170001400800390003103500190007004000470008904100080013608200270014410000620017124501090023325000290034226000400037130000900041135000130050150400310051465000360054565100450058127310BD-RjUL20211209051134.0140325r19661892enkabce b 000 0 eng a(BD-RjUL)27382 aDLCcDLCdICUdDLCdWaUdDLCdBD-RjULbeng aeng00a915.5034bCUP V-1 19661 aCurzon of Kedleston, George Nathaniel Curzon,d1859-1925.10aPersia and the Persian question /cby George Nathaniel Curzon Curzon of Kedleston, Marquess.nVolume One a1st ed., 2nd impression. aLondon :bCass,c[Impression 1966]. a2 v., xxii, 639 p. :billus. (incl. ports) plates (incl. maps, plan) tables ;c23 cm. a£10/10- aBibliographical footnotes. 0aEastern question (Central Asia) 0aIranxHistoryyQajar dynasty, 1794-1925.